ESC 2025 Ergebnisse - Statistiken

Allgemein
  • Dieses Quiz wurde 187 mal gespielt
  • Das Durchschnittsergebnis liegt bei 16 aus 26
Antwortstatistiken
# Punkte Land % Korrekt
1 436 Österreich
100%
2 357 Israel
96%
3 356 Estland
91%
15 151 Deutschland
81%
4 321 Schweden
80%
26 27 San Marino
75%
25 33 Island
74%
5 256 Italien
74%
10 214 Schweiz
66%
7 230 Frankreich
64%
11 196 Finnland
59%
18 89 Norwegen
56%
24 37 Spanien
55%
6 231 Griechenland
52%
8 218 Albanien
51%
14 156 Polen
51%
9 218 Ukraine
49%
23 47 Dänemark
48%
16 96 Litauen
48%
12 175 Niederlande
47%
21 50 Portugal
45%
13 158 Lettland
44%
22 47 Luxemburg
43%
19 88 Großbritannien
41%
17 91 Malta
41%
20 72 Armenien
39%
Keine übereinstimmenden Quizze gefunden
Verteilung der Resultate
Anzahl Personen mit jedem Resultat
Perzentil nach korrekt beantworteten Fragen
Ihre Resultats-Entwicklung
Sie haben dieses Quiz noch nicht gespielt